000 00790pam a2200253 a 4500
001 1997387
005 20180126073540.0
008 901128s1991 mauab b 001 0 eng
010 _a 90025589
020 _a0674468651:
_c$39.95
020 _a067446866X (pbk.)
040 _aDLC
_cDLC
_dDLC
041 _aeng
043 _aa------
_ae-sp---
_aff-----
080 _a709.17671 BRE
082 0 0 _a709.17671 BRE
_220
100 1 _a44
101 _aART
245 1 0 _aIslamic art /
_cBarbara Brend.
504 _aIncludes bibliographical references (p. 233-234) and index.
906 _a7
_bcbc
_corignew
_d1
_eocip
_f19
_gy-gencatlg
942 _2ddc
_cBK
999 _c40995
_d40995